Top 50 ABC (Australia) Shows (IMDB) - Statistics

General Stats
  • This quiz has been taken 17 times
    2 since last reset
  • The average score is 20 of 55
Answer Stats
Show Year(s) IMDB % Correct
Bluey 2018-Present 9.3
100%
Frontline 1994-1997 8.7
100%
Hard Quiz 2016-Present 8.1
100%
Kath & Kim 2002-2005 8.4
100%
Love on the Spectrum 2019-2021 8.6
100%
Round the Twist 1993-2001 8.0
100%
The Games 1998-2000 8.7
100%
Blue Murder 1995 8.2
50%
Brides of Christ 1991 8.2
50%
Changi 2001 8.2
50%
Fisk 2021-Present 8.0
50%
Good News Week 1996-1998 7.9
50%
Heartbreak High 1997-1999 7.8
50%
Mother and Son 1984-1994 8.2
50%
Rake 2010-2018 8.5
50%
Review with Myles Barlow 2008-2010 8.4
50%
SeaChange 1998-2000 8.0
50%
Shaun Micallef's Mad as Hell 2012-2022 8.3
50%
Spicks and Specks 2005-2011, 2014, 2018-Present 8.0
50%
Summer Heights High 2007 8.5
50%
The Adventures of Lano & Woodley 1997-1999 8.8
50%
The Chaser's War on Everything 2006-2009 8.7
50%
The Checkout 2013-2018 8.2
50%
The Hollowmen 2008 8.4
50%
The Late Show 1992-1993 8.9
50%
The Micallef Program 1998-2001 8.6
50%
The Newsreader 2021-2025 7.8
50%
Total Control 2019-2024 7.9
50%
Upper Middle Bogan 2013-2016 7.8
50%
Utopia 2014-2019 8.3
50%
We Can Be Heroes 2005 8.0
50%
Wildside 1997-1999 8.2
50%
You Can't Ask That 2016-Present 8.7
50%
A Moody Christmas 2012 8.1
0%
ANZAC Girls 2014 7.9
0%
Aunty Donna's Coffee Cafe 2023-Present 7.9
0%
Barracuda 2016 7.8
0%
Captain James Cook 1987 8.1
0%
CNNNN: Chaser Non-Stop News Network 2002-2003 8.2
0%
Dragon Ball Super 2015-2018 8.3
0%
Fruits Basket 2019-2021 8.5
0%
Fruits Basket 2001 7.9
0%
Little Lunch 2015-2016 8.4
0%
Miss Fisher's Murder Mysteries 2012-2015 8.2
0%
Muster Dogs 2022-Present 7.9
0%
Please Like Me 2013-2016 8.5
0%
Redfern Now 2012-2015 7.9
0%
Rosehaven 2016-2021 7.9
0%
Sailor Moon Crystal 2014-2016 7.8
0%
The Doctor Blake Mysteries 2013-2018 8.0
0%
The Gruen Transfer 2008-2011 7.8
0%
The InBESTigators 2019 8.2
0%
The Katering Show 2015-2016 8.6
0%
The Moodys 2014 7.9
0%
The Time of Our Lives 2013-2014 7.9
0%
No matching quizzes found
Score Distribution
Percent of People with Each Score
Percentile by Number Answered
Your Score History
You have not taken this quiz since the last reset